[Event "RUS-Cup8"]
[Site "Smolensk"]
[Date "1997.??.??"]
[Round "7"]
[White "Onoprienko, Vladimir"]
[Black "Yakovich, Yuri"]
[Result "0-1"]
[WhiteElo "2295"]
[BlackElo "2575"]

1.e4 c5 2.c3 Nf6 3.e5 Nd5 4.Nf3 e6 5.Bc4 d6 6.d4 Nb6 7.dxc5 Nxc4 8.Qa4+ Nc6
9.Qxc4 Nxe5 10.Nxe5 dxe5 11.Be3 Be7 12.Qg4 O-O 13.Bh6 Bf6 14.O-O Kh8 15.Rd1 Qc7
16.Be3 Be7 17.b4 b6 18.Na3 f5 19.Nb5 Qc6 20.Qf3 e4 21.Nd4 Qe8 22.Qg3 bxc5
23.bxc5 Bf6 24.Bg5 f4 25.Qh4 Bxg5 26.Qxg5 e5 27.Nc2 h6 28.Qh4 Rf6 29.f3 exf3
30.Rd6 Qg6 31.Qf2 Bf5 32.Nb4 fxg2 33.Qxg2 Qxg2+ 34.Kxg2 Rc8  0-1

[Event "RUS-Cup8"]
[Site "Smolensk"]
[Date "1997.??.??"]
[Round "9"]
[White "Alavkin, Arseny"]
[Black "Yakovich, Yuri"]
[Result "1/2-1/2"]
[WhiteElo "2375"]
[BlackElo "2575"]

1.e4 c5 2.c3 Nf6 3.e5 Nd5 4.d4 cxd4 5.cxd4 d6 6.Nf3 e6 7.a3 Bd7 8.Bd3 Bc6
9.O-O Nd7 10.b4 a6 11.Qe2 Rc8 12.Bd2 Be7 13.Rc1 O-O 14.Nc3 Nxc3 15.Rxc3 Bd5
16.Rxc8 Qxc8 17.Rc1 Qb8 18.Bf4 g6 19.Be4 Nb6 20.Nd2 dxe5 21.Bxe5 Bd6 22.Nf3 Bxe5
23.dxe5 Rc8 24.Rxc8+ Qxc8 25.Bxd5 Nxd5 26.Qd2 Kg7 27.h3 Qc4 28.Nd4 h6 29.h4 Nc3
30.Nxe6+ fxe6 31.Qd7+ Kg8 32.Qe8+ Kg7 33.Qe7+  1/2-1/2

[Event "RUS-Cup8"]
[Site "Smolensk"]
[Date "1997.??.??"]
[Round "9"]
[White "Zakharov, Alexander S"]
[Black "Donchenko, Anatoly G"]
[Result "1/2-1/2"]
[WhiteElo "2330"]
[BlackElo "2390"]

1.e4 c5 2.c3 Nf6 3.e5 Nd5 4.d4 cxd4 5.Nf3 d6 6.Qxd4 e6 7.Nbd2 Nc6 8.Qe4 dxe5
9.Nxe5 Nxe5 10.Qxe5 Qc7 11.Bb5+ Bd7 12.Bxd7+ Qxd7 13.Ne4 f6 14.Qh5+ Qf7 15.Qe2 O-O-O
16.O-O e5 17.c4 Nb4 18.f4 Nc6 19.fxe5 Nxe5 20.Bf4 Qc7 21.Kh1 Bc5 22.Nxc5 Qxc5
23.b4 Qe7 24.c5 Ng6 25.Qxe7 Nxe7 26.b5 Rd5 27.Rac1 Kd7 28.Rf2 Rc8 29.Rfc2 a6
30.bxa6 bxa6 31.h3 Rd4 32.Be3 Rd3 33.Bf2 Nc6 34.Rb1 Nd4 35.Rc4 Nb5 36.a4 Nc7
37.c6+ Kd6 38.Kh2 g5 39.Bg3+ Kd5 40.Rc2 f5 41.Bf2 Kd6 42.Bc5+ Ke6 43.Ba7 f4  1/2-1/2

[Event "Sochi"]
[Site "Sochi"]
[Date "1997.??.??"]
[Round "?"]
[White "Vorotnikov, Vladislav V"]
[Black "Annakov, Babakuli"]
[Result "0-1"]
[WhiteElo "2495"]
[BlackElo "2365"]

1.e4 c5 2.c3 Nf6 3.d3 Nc6 4.f4 d6 5.Nf3 g6 6.g3 Bg7 7.Bg2 O-O 8.O-O Rb8 9.a4 a6
10.h3 b5 11.axb5 axb5 12.g4 Bb7 13.Be3 Ra8 14.Nbd2 Rxa1 15.Qxa1 Qa8 16.Bf2 Nd7
17.Re1 b4 18.d4 cxd4 19.cxd4 Rc8 20.e5 Na5 21.Rc1 Rxc1+ 22.Qxc1 Nb3 23.Nxb3 Bxf3
24.Bxf3 Qxf3 25.Na5 Nb6 26.Qe3 Qd1+ 27.Qe1 Qa4 28.exd6 exd6 29.Nb7 Nd5 30.Nxd6 Nxf4
31.Qe3 Qd1+ 32.Kh2 Ne6 33.Qe4 Bxd4 34.Qa8+ Kg7 35.Qd5 Qd2 36.Ne4 Qf4+ 37.Kg2 Bxf2
38.Nxf2 Qe3 39.Qe4 Nf4+ 40.Kg1 Nxh3+ 41.Kg2 Nf4+ 42.Kf1 Qc1+ 43.Qe1 Qxb2
44.g5 Qc3  0-1

[Event "Split"]
[Site "Split"]
[Date "1997.??.??"]
[Round "?"]
[White "Susak, Zeljko"]
[Black "Berebora, Ferenc"]
[Result "1/2-1/2"]
[WhiteElo "2235"]
[BlackElo "2390"]

1.e4 c5 2.c3 Nf6 3.e5 Nd5 4.d4 cxd4 5.Nf3 d6 6.cxd4 Nc6 7.Bc4 Nb6 8.Bb3 d5
9.Nh4 e6 10.Nf3 a5 11.Nc3 Bd7 12.a3 Be7 13.h4 f6 14.exf6 Bxf6 15.Bc2 Qe7
16.Bf4 Rc8 17.O-O Nd8  1/2-1/2

[Event "White Nights op"]
[Site "St Petersburg"]
[Date "1997.??.??"]
[Round "?"]
[White "Potkin, Alexey V"]
[Black "Biriukov, Oleg V"]
[Result "1/2-1/2"]
[WhiteElo "2325"]
[BlackElo "2415"]

1.e4 c5 2.c3 Nf6 3.e5 Nd5 4.d4 cxd4 5.Nf3 Nc6 6.cxd4 d6 7.Bc4 Nb6 8.Bb5 dxe5
9.Nxe5 Bd7 10.Nxd7 Qxd7 11.Nc3 e6 12.O-O a6 13.Bxc6 bxc6 14.Qg4 f5 15.Qe2 Bd6
16.Qh5+ Qf7 17.Qf3 Qc7 18.Qh5+ Qf7  1/2-1/2

[Event "White Nights op"]
[Site "St Petersburg"]
[Date "1997.??.??"]
[Round "?"]
[White "Vunder, A."]
[Black "Novikov, Mikhail V"]
[Result "1-0"]
[WhiteElo "2230"]
[BlackElo "2390"]

1.e4 c5 2.c3 Nf6 3.e5 Nd5 4.Nf3 Nc6 5.d4 cxd4 6.cxd4 d6 7.Bc4 e6 8.O-O Be7
9.Qe2 Nb6 10.Bb3 O-O 11.Nc3 Bd7 12.Bf4 d5 13.Rad1 Rc8 14.Rfe1 Na5 15.Bc2 Nbc4
16.Bc1 g6 17.Rd3 b5 18.a3 b4 19.axb4 Nc6 20.Na2 Nxb4 21.Nxb4 Bxb4 22.Ng5 Nd2
23.Nxh7 Kxh7 24.Rh3+ Kg7 25.Bxd2 Rxc2 26.Bh6+ Kg8 27.Qxc2 Bxe1 28.Qc1 Qa5
29.Bg7 Bd2 30.Bf6  1-0

[Event "Bodensee-Cup"]
[Site "Steckborn"]
[Date "1997.??.??"]
[Round "3"]
[White "Jenni, Florian"]
[Black "Wachinger, Guenther"]
[Result "1/2-1/2"]
[WhiteElo "2245"]
[BlackElo "2265"]

1.e4 c5 2.c3 Nf6 3.e5 Nd5 4.d4 cxd4 5.Nf3 Nc6 6.cxd4 d6 7.Bc4 dxe5 8.Nxe5 e6
9.O-O Be7 10.Nxc6 bxc6 11.Nc3 O-O 12.Re1 Rb8 13.Ne4 Qb6 14.b3 Bb4 15.Re2 Nc3
16.Nxc3 Bxc3 17.Bb2 Bxb2 18.Rxb2 Rd8 19.Rd2 Rb7 20.Qf3 Rbd7 21.Rad1 Bb7 22.Qe3 a5
23.Qe5 Ba6  1/2-1/2

[Event "Bodensee-Cup"]
[Site "Steckborn"]
[Date "1997.??.??"]
[Round "3"]
[White "Braeuning, Rudolf Wilhelm"]
[Black "Zuse, Klaus Peter"]
[Result "1-0"]
[WhiteElo "2275"]
[BlackElo "2340"]

1.e4 c5 2.c3 Nf6 3.e5 Nd5 4.d4 cxd4 5.Nf3 d6 6.Qxd4 Nc7 7.exd6 exd6 8.Bg5 Qd7
9.Bd3 Nc6 10.Qe3+ Ne6 11.O-O h6 12.Bh4 d5 13.Re1 Bd6 14.Nd4 Bc5 15.Nd2 O-O
16.N2b3 Bb6 17.Bf5 Ncxd4 18.cxd4 Qa4 19.Rad1 Nxd4 20.Rxd4 Qxa2 21.Bb1 Qxb2
22.Qd3 g6 23.Bf6 Bd8 24.Be5 Bf5 25.Qe3 Bg5 26.f4 f6 27.fxg5 fxe5 28.Rd2 Qa3
29.Qxe5 Qxb3 30.gxh6 Qb6+ 31.Rd4 Qf6 32.Qxd5+ Kh8 33.Rf4 Rad8 34.Qxb7 Rf7
35.Qb5 Qc3 36.Rff1 Bxb1 37.Re8+ Kh7 38.Rxf7+ Kxh6 39.Rxd8 Be4 40.Qf1  1-0

[Event "SVK-chT1W 9798"]
[Site "SVK"]
[Date "1997.??.??"]
[Round "?"]
[White "Hudoba, Ondrej"]
[Black "Ac, Michal"]
[Result "1-0"]
[WhiteElo "2245"]
[BlackElo "2310"]

1.e4 c5 2.c3 Nf6 3.e5 Nd5 4.Bc4 Nb6 5.Bb3 d5 6.exd6 Qxd6 7.d4 cxd4 8.Nf3 Nc6
9.O-O Be6 10.Na3 a6 11.cxd4 Bd5 12.Ne5 e6 13.Bf4 Bxb3 14.axb3 Qxd4 15.Qxd4 Nxd4
16.Be3 Ne2+ 17.Kh1 Nd5 18.g3 Bb4 19.Nc2 Rc8 20.Nxb4 Nxb4 21.Nc4 Nc2 22.Rad1 O-O
23.Bb6 e5 24.Nxe5 Rfe8 25.Nc4 Re6 26.Rd7 h5 27.Rd2 Nb4 28.Rfd1 h4 29.Kg2 hxg3
30.hxg3 f5 31.Kf1 Rce8 32.Bc5 Nc6 33.Nd6 R8e7 34.Nxf5 Rf7 35.Rxe2 Rxe2 36.Nh6+ gxh6
37.Kxe2 Kg7 38.Rd5 Kg6 39.f4 Rc7 40.Kf3 Rf7 41.g4 Rc7 42.Be3 Re7 43.f5+ Kg7
44.Bf4 Rf7 45.Kg3 Ne7 46.Rd8 Nc6 47.Rc8 h5 48.Bd2 hxg4 49.Bc3+ Kh6 50.Kxg4 Rd7
51.Rh8+ Rh7 52.Rg8 Rf7 53.Rg5  1-0

[Event "SVK-chT2 9697"]
[Site "SVK"]
[Date "1997.??.??"]
[Round "1"]
[White "Novak, Ivan"]
[Black "Ac, Michal"]
[Result "0-1"]
[WhiteElo "2330"]
[BlackElo "2275"]

1.e4 c5 2.c3 Nf6 3.e5 Nd5 4.Nf3 Nc6 5.Bc4 Nb6 6.Bb3 d5 7.exd6 Qxd6 8.O-O Be6
9.Na3 Bxb3 10.Qxb3 e6 11.d4 cxd4 12.Nb5 Qd7 13.Nbxd4 Bc5 14.Nxc6 Qxc6 15.a4 O-O
16.a5 Nd5 17.Ra4 Rfd8 18.Rh4 Be7 19.Bg5 Bxg5 20.Nxg5 Nf6 21.Rb4 Qd5 22.Nf3 Qxb3
23.Rxb3 Rd7 24.Ne5 Rc7 25.Rd1 Kf8 26.Rd4 Ke7 27.Rc4 Rac8 28.Rcb4 Rb8 29.f3 Nd5
30.Rd4 f6 31.Nd3 Ne3 32.Re4 Nc4 33.Nf4 Ne5 34.Re2 Rd8 35.Rb5 Rd1+ 36.Kf2 Rd6
37.h4 a6 38.Rb4 Nc4 39.Ra4 Rc5 40.Re4 Nxb2 41.Rab4 Rb5 42.Rxb5 axb5 43.Rb4 Nd1+
44.Ke1 Nxc3 45.Rb3 Rd1+ 46.Kf2 Nd5 47.Rxb5 Nxf4 48.Rxb7+ Kd6 49.a6 e5 50.Rxg7 Rd2+
51.Kg1 h5 52.a7 Ra2 53.Kh1 Ke6 54.Kh2 f5 55.Kh1 e4 56.fxe4 fxe4 57.g3 Nd5
58.Kg1 Nf6 59.Kf1 Ng4 60.Ke1 Ne5 61.Kd1 e3 62.a8=Q Rxa8 63.Ke2 Ng4 64.Rg5 Ra2+
65.Ke1 Ne5  0-1

[Event "SVK-chT 9697"]
[Site "SVK"]
[Date "1997.??.??"]
[Round "2"]
[White "Hudoba, Ondrej"]
[Black "Ac, Michal"]
[Result "0-1"]
[WhiteElo "2265"]
[BlackElo "2275"]

1.e4 c5 2.c3 Nf6 3.e5 Nd5 4.Nf3 Nc6 5.Bc4 Nb6 6.Bb3 d5 7.exd6 Qxd6 8.d4 cxd4
9.O-O Be6 10.Bxe6 Qxe6 11.cxd4 Rd8 12.Nc3 Qc4 13.Be3 e6 14.Rc1 Be7 15.Qc2 Nd5
16.Qb1 O-O 17.Ne4 Qb5 18.Nfg5 Bxg5 19.Rc5 Qxf1+ 20.Kxf1 Nxe3+ 21.fxe3 Bxe3
22.Rh5 g6 23.Nf6+ Kg7 24.Rh3 Bxd4 25.Nxh7 Rh8 26.Ng5 Rxh3 27.Nxh3 Be5 28.Qc2 Bxh2
29.Qb3 b6 30.Ng5 Nd4 31.Qh3 Rh8 32.Qe3 Rd8 33.g3 Nf5 34.Qc3+ Kg8 35.Qc7 Rf8
36.Ne4 Nh6 37.Nf6+ Kg7 38.Qe5 Nf5 39.Kg2 Bxg3 40.Nh5+ Kh7 41.Nxg3  0-1

[Event "SVK-chT1E 9798"]
[Site "SVK"]
[Date "1997.??.??"]
[Round "3"]
[White "Olsar, Jaroslav"]
[Black "Papanetz, Peter"]
[Result "1/2-1/2"]
[WhiteElo "2295"]
[BlackElo "2225"]

1.e4 c5 2.c3 Nf6 3.e5 Nd5 4.d4 cxd4 5.Nf3 e6 6.cxd4 d6 7.Nc3 Nxc3 8.bxc3 Qc7
9.Bd2 Nd7 10.Bd3 dxe5 11.O-O Be7 12.dxe5 b6 13.Re1 Bb7 14.Nd4 Nc5 15.Bb5+ Kf8
16.Bf4 h5 17.h3 g5 18.Bh2 g4 19.hxg4 hxg4 20.Bf1 Rg8 21.Nb5 Qc6 22.Nd6 Rd8
23.Qd2 Rg6 24.Rad1 Bxd6 25.exd6 Ne4 26.Qd4 g3 27.Bxg3 Nxg3 28.fxg3 Kg8 29.Rd2 Rxg3
30.Qh4 Qc5+ 31.Kh2 Rg5 32.Qd4 Qxd4 33.Rxd4 Rd5 34.Rxd5 Bxd5 35.Rd1 Bc6 36.Kg3 Kg7
37.Bc4 Rd7 38.Kf4 Kf6 39.g3 Rd8 40.Rd2 Bd5 41.Bxd5 exd5 42.Rxd5 Ke6 43.Ke4 Rxd6
44.Rxd6+ Kxd6 45.Kf5 Ke7 46.Ke5 Kd7 47.Kd5 Ke7 48.c4 Kd7 49.Ke5 Ke7  1/2-1/2

[Event "SVK-chT2 9697"]
[Site "SVK"]
[Date "1997.??.??"]
[Round "4"]
[White "Novak, Ivan"]
[Black "Pekar, Karol"]
[Result "0-1"]
[WhiteElo "2330"]
[BlackElo "2140"]

1.e4 c5 2.c3 Nf6 3.d3 Nc6 4.f4 d6 5.Nf3 Bg4 6.h3 Bxf3 7.Qxf3 e5 8.Be2 Be7
9.O-O O-O 10.Kh1 Qc7 11.Na3 Rad8 12.f5 d5 13.g4 dxe4 14.dxe4 h6 15.h4 Nh7
16.g5 hxg5 17.hxg5 Bxg5 18.Bxg5 Nxg5 19.Qg4 f6 20.Bc4+ Rf7 21.Rad1 Kf8 22.Nb5 Qb6
23.Rxd8+ Qxd8 24.Bxf7 Qd3 25.Rd1 Qxb5 26.Bb3 c4 27.Qe2 Nxe4 28.Qxe4 cxb3
29.a4 Qc5 30.Rd7 Qf2 31.Rxb7 Qf1+ 32.Kh2 Qf2+ 33.Kh3 Qf1+ 34.Kg3 Qg1+ 35.Qg2 Qe3+
36.Qf3 Qg1+ 37.Kh3 e4 38.Qxe4 Qf1+ 39.Kg3 Qg1+ 40.Qg2 Qe1+ 41.Qf2 Qe5+ 42.Kh3 Qe4
43.Rd7 Kg8 44.a5 g5 45.Kh2 Qe5+ 46.Kg1 Qxa5 47.Rd6 Ne5 48.Rxf6 Qd5 49.Qe2 Qc5+
50.Kf1 Qd5 51.Re6 Qh1+ 52.Kf2 Qh2+ 53.Ke1 Qh1+ 54.Kd2 Qd5+ 55.Ke1 Nd3+ 56.Kd1 Nf4+
57.Qd2 Qxd2+ 58.Kxd2 Nxe6 59.fxe6 Kf8 60.Kd3 Ke7 61.Kc4 Kxe6 62.Kxb3 g4  0-1

[Event "SVK-chT 9798"]
[Site "SVK"]
[Date "1997.??.??"]
[Round "4"]
[White "Maslik, Miroslav"]
[Black "Banas, Jan"]
[Result "0-1"]
[WhiteElo "2170"]
[BlackElo "2385"]

1.e4 c5 2.c3 Nf6 3.e5 Nd5 4.d4 cxd4 5.Nf3 e6 6.cxd4 d6 7.Nc3 Nxc3 8.bxc3 Qc7
9.Bd2 Nd7 10.exd6 Bxd6 11.Bd3 O-O 12.O-O b6 13.Re1 Bb7 14.h3 Bf4 15.Rc1 Bxf3
16.Bxf4 Qxf4 17.Qxf3 Qxf3 18.gxf3 Rfd8 19.f4 g6 20.Kg2 Nf6 21.Kf3 Rac8 22.Red1 Rd5
23.Ba6 Rc7 24.Bf1 Ra5 25.Rc2 Ra3 26.Rd3 Nd5 27.c4 Rxd3+ 28.Bxd3 Nb4 29.Rd2 Nxd3
30.Rxd3 Rxc4 31.Ra3 a5 32.Rb3 Rxd4 33.Ke3 Ra4 34.a3 Kg7  0-1

[Event "SVK-chT1E 9798"]
[Site "SVK"]
[Date "1997.??.??"]
[Round "4"]
[White "Papanetz, Peter"]
[Black "Singliar, Anton"]
[Result "1/2-1/2"]
[WhiteElo "2225"]
[BlackElo "2205"]

1.e4 c5 2.c3 Nf6 3.e5 Nd5 4.Nf3 Nc6 5.d4 cxd4 6.Bc4 Nb6 7.Bb3 d5 8.exd6 Qxd6
9.O-O Be6 10.Bxe6 Qxe6 11.Nxd4 Nxd4 12.Qxd4 Rd8 13.Qe3 Qxe3 14.Bxe3 Nc8 15.Na3 a6
16.Nc4 e6 17.Rfd1 Bd6 18.Nxd6+ Rxd6 19.Bc5 Rxd1+ 20.Rxd1 h5 21.h4 Rh6 22.f3 e5
23.Kf2 Rc6 24.Rd5 f6 25.Ke3 Ne7 26.Bxe7 Kxe7 27.Kd3 Rc8 28.c4 Ke6 29.a4 b6
30.b3 a5 31.Rb5 Rc6 32.g4 hxg4 33.fxg4 f5 34.gxf5+ Kxf5 35.Ke3 Rg6 36.Kf3 Rd6
37.Ke3 Rg6 38.Kf3 Rd6  1/2-1/2

[Event "SVK-chT2 9697"]
[Site "SVK"]
[Date "1997.??.??"]
[Round "8"]
[White "Novak, Ivan"]
[Black "Hanko, Pavel"]
[Result "1/2-1/2"]
[WhiteElo "2330"]
[BlackElo "2195"]

1.e4 c5 2.c3 Nf6 3.e5 Nd5 4.Nf3 e6 5.Bc4 d6 6.exd6 Bxd6 7.O-O O-O 8.d4 cxd4
9.cxd4 Nc6 10.Nc3 Nxc3 11.bxc3 b6 12.Qd3 Na5 13.Ng5 g6 14.Bb5 Qc7 15.Qh3 h5
16.Ne4 Be7 17.Bh6 Rd8 18.Rfe1 Bb7 19.Ng5 Bxg5 20.Bxg5 Rd5 21.Re5 Rxe5 22.Qg3 Rc8
23.dxe5 Qxc3 24.Rd1 Qxg3 25.hxg3 Bd5 26.Ba6 Rc2 27.Bf6 Nc6 28.a3 Nb8 29.Bb7 Rc5
30.Bxd5 Rxd5 31.Rc1 Rc5 32.Rxc5 bxc5 33.Be7 Nd7 34.f4 c4 35.Kf2 a6 36.Ke3 Nb6
37.Kd4 Nd5 38.Bb4 c3 39.Bxc3 Kf8 40.Bd2 Ke7 41.Kc5 Kd7 42.a4 Kc7 43.Ba5+ Kd7
44.Bd2 Kc7 45.Ba5+ Kd7 46.Bd2  1/2-1/2

[Event "SWZ-chT9697"]
[Site "SWZ"]
[Date "1997.??.??"]
[Round "?"]
[White "Godena, Michele"]
[Black "Sherwin, James T"]
[Result "1-0"]
[WhiteElo "2545"]
[BlackElo "2315"]

1.e4 c5 2.c3 Nf6 3.e5 Nd5 4.Nf3 Nc6 5.d4 cxd4 6.cxd4 d6 7.Bc4 e6 8.O-O Nb6
9.Bd3 dxe5 10.dxe5 Nb4 11.Be4 Qxd1 12.Rxd1 N4d5 13.a4 a5 14.Nc3 Nxc3 15.bxc3 Bc5
16.Nd4 Bxd4 17.Rxd4 O-O 18.Ba3 Re8 19.Rad1 Nd5 20.c4 Nb4 21.Bxb4 axb4 22.c5  1-0

[Event "SWZ-chT9697"]
[Site "SWZ"]
[Date "1997.??.??"]
[Round "?"]
[White "Jenni, Florian"]
[Black "Ammann, Walter"]
[Result "1-0"]
[WhiteElo "2245"]
[BlackElo "2280"]

1.e4 c5 2.c3 Nf6 3.e5 Nd5 4.d4 cxd4 5.Nf3 Nc6 6.cxd4 d6 7.Bc4 Nb6 8.Bb3 d5
9.h3 g6 10.O-O Bg7 11.Nc3 Na5 12.Bc2 Be6 13.b3 Qd7 14.Be3 a6 15.Qd2 Rc8 16.Rac1 O-O
17.Ng5 Bf5 18.Bxf5 Qxf5 19.Na4 Nxa4 20.Qxa5 Nc3 21.Kh2 Qd3 22.Qb6 h6 23.Nf3 e6
24.a4 Rb8 25.Bd2 Na2 26.Rcd1 Qc2 27.Ba5 Qc6 28.Rd2 Qxb6 29.Bxb6 Nc3 30.Rc2 Ne4
31.Rfc1 Rfe8 32.Kg1 Bf8 33.Nd2 Ba3 34.Ra1 Nxd2 35.Rxd2 Bb4 36.Rc2 Rbc8 37.Rac1 Rxc2
38.Rxc2 Re7 39.Rc8+ Kh7 40.Kf1 Rd7 41.Ke2 Kg7 42.Bd8 Be7 43.Bxe7 Rxe7 44.b4 f6
45.f4 g5 46.Ke3 fxe5 47.fxe5 Kf7 48.b5 axb5 49.axb5 b6 50.Rb8 Ra7 51.Rxb6 Ra3+
52.Ke2 Rg3 53.Kf2 Rd3 54.Rb7+ Kg6 55.g4 Rxd4 56.Re7 Rb4 57.Rxe6+ Kf7 58.Rf6+ Kg7
59.b6 Rb3 60.Rd6 Kf7 61.Rxh6 d4 62.Rf6+ Ke7 63.Rd6 Rb5 64.Rxd4 Rxb6 65.Kf3 Rb3+
66.Ke4 Rxh3 67.Kf5 Rh8 68.Rd6 Rh1 69.Ra6 Rf1+ 70.Kxg5 Re1 71.Kf5 Rf1+ 72.Kg6 Re1
73.e6 Rf1 74.g5 Rf2 75.Kg7 Rf1 76.g6 Rh1 77.Kg8 Rh2 78.g7 Rh1 79.Ra7+ Ke8
80.e7 Rh2 81.Ra8+ Kxe7 82.Ra4 Rh1 83.Re4+ Kd6 84.Kf7 Rf1+ 85.Kg6 Rg1+ 86.Kf6  1-0

[Event "SWZ-chT9697"]
[Site "SWZ"]
[Date "1997.??.??"]
[Round "?"]
[White "Vogt, Lothar"]
[Black "Partos, Charles"]
[Result "1-0"]
[WhiteElo "2515"]
[BlackElo "2380"]

1.e4 c5 2.c3 Nf6 3.d3 Nc6 4.Nf3 e5 5.Nbd2 d5 6.g3 Be7 7.Bg2 O-O 8.O-O d4
9.Nc4 Bg4 10.h3 Bxf3 11.Qxf3 b5 12.Nd2 Qd7 13.c4 a6 14.Qe2 Ne8 15.b3 b4 16.f4 Nd6
17.Nf3 exf4 18.Bxf4 Rae8 19.Rae1 Nd8 20.g4 Ne6 21.Bg3 f6 22.e5 Nf7 23.Qe4 Kh8
24.Re2 Qc8 25.Kh2 Bd8 26.exf6 gxf6 27.Qf5 Nh6 28.Qh5 Kg7 29.Rfe1 Rf7 30.g5 Ng8
31.gxf6+ Nxf6 32.Qf5 Rfe7 33.Be5 Rf7 34.Ng5 Qd7 35.Qxh7+ Kf8 36.Qh6+ Ng7
37.Nxf7 Kxf7 38.Bxf6  1-0

[Event "Aktiv Alliancen-B"]
[Site "Taastrup"]
[Date "1997.??.??"]
[Round "6"]
[White "Petersen, Steen"]
[Black "Petersen, Nils"]
[Result "1-0"]
[WhiteElo "2140"]
[BlackElo "2110"]

1.e4 c5 2.c3 Nf6 3.e5 Nd5 4.g3 d6 5.exd6 e6 6.Bg2 Bxd6 7.Ne2 O-O 8.O-O Nd7
9.d4 N7f6 10.c4 Nb6 11.b3 cxd4 12.Nxd4 e5 13.Nb5 Bb8 14.Ba3 Qxd1 15.Rxd1 Re8
16.c5 a6 17.Nd6 Bxd6 18.Rxd6 Nbd7 19.Nc3 Rb8 20.Rad1 Nf8 21.h3 Be6 22.Rb6 e4
23.Nxe4 Nxe4 24.Bxe4 Bxb3 25.Bxh7+ Kxh7 26.Rxb3 Rec8 27.Rdb1 Rc7 28.c6 b5
29.Bd6 Rbc8 30.Bxc7 Rxc7 31.Rc1 Kg6 32.Ra3  1-0

[Event "EU-ch U16"]
[Site "Tallinn"]
[Date "1997.??.??"]
[Round "1"]
[White "Zakharov, Alexander S"]
[Black "Bursteinas, Romanas"]
[Result "1-0"]
[WhiteElo "2330"]
[BlackElo "2200"]

1.e4 c5 2.c3 Nf6 3.e5 Nd5 4.d4 cxd4 5.Nf3 e6 6.cxd4 b6 7.Nc3 Nxc3 8.bxc3 Qc7
9.Bd2 Bb7 10.Bd3 Be7 11.O-O d6 12.Re1 Nd7 13.Bg5 dxe5 14.Bxe7 Kxe7 15.Nxe5 Nxe5
16.Rxe5 Rhd8 17.Rc1 Rac8 18.Qg4 g6 19.Qh4+ Kf8 20.Qxh7 Qd6 21.Bxg6 fxg6 22.Qxb7 Rxc3
23.Rxc3  1-0

[Event "EU-ch U16 Girls"]
[Site "Tallinn"]
[Date "1997.??.??"]
[Round "2"]
[White "Zarkovic, Danijela"]
[Black "Polovnikova, Ekaterina"]
[Result "0-1"]
[WhiteElo "2095"]
[BlackElo "2270"]

1.e4 c5 2.c3 Nf6 3.e5 Nd5 4.g3 Nc6 5.Bg2 Nb6 6.Nf3 d6 7.exd6 Qxd6 8.O-O g6
9.d4 cxd4 10.Bf4 Qd8 11.Ne5 Nxe5 12.Bxe5 f6 13.Bxd4 e5 14.Qe2 Be7 15.Bxb6 Qxb6
16.Bd5 Bh3 17.Rd1 Kf8 18.c4 Kg7 19.Nc3 h5 20.b3 Rac8 21.Rab1 Bg4 22.Bf3 Qe6
23.Bxg4 hxg4 24.Qe4 Rb8 25.Rd5 Rh3 26.Ne2 Qf5 27.Qxf5 gxf5 28.Kg2 Kf7 29.Rh1 Ke6
30.Re1 Bb4 31.Red1 Rhh8 32.Rh1 Bd6 33.Ng1 Rh6 34.f3 b6 35.h4 Rg8 36.Ne2 gxf3+
37.Kxf3 Rg4 38.Rhd1 Bc5 39.Rh1 Rhg6 40.Rhd1 e4+ 41.Kg2 f4 42.Kh3 fxg3 43.h5 Rg8
44.h6 f5 45.b4 Bf2 46.h7 Rh8 47.Rd7 Kf6 48.R1d6+ Kg5 49.Rg7+ Kh5 50.Rxg4 fxg4+
51.Kg2 Rxh7 52.Nxg3+ Bxg3 53.Kxg3 Re7 54.Rd5+ Kg6 55.Kxg4 e3 56.Rd6+ Kf7
57.Rd1 Re4+ 58.Kf3 e2 59.Re1 Rxc4 60.Rxe2 Rxb4 61.Ke3 Ke6 62.Kd3+ Kd5 63.Kc3 Re4
64.Rd2+ Kc5 65.Rd3 Kb5 66.Kb3 Ka5 67.Rd5+ b5 68.Rd3 Kb6 69.Rh3 Rd4 70.Rh6+ Ka5
71.Rh3 Rb4+ 72.Kc2 Ka4 73.Rh7 a5 74.Rh3 Rg4 75.Kb2 Rg2+ 76.Kb1 Rd2 77.Rh4+ Ka3
78.Rh3+ Kb4 79.Rg3 Kc4 80.Rg8 a4 81.Rc8+ Kb4 82.Rh8 Rd3 83.Kc2 Rg3 84.Rh4+ Ka3
85.Rh5 b4 86.Ra5 Rg2+ 87.Kb1 Rb2+  0-1

[Event "EU-ch U16"]
[Site "Tallinn"]
[Date "1997.??.??"]
[Round "3"]
[White "Zakharov, Alexander S"]
[Black "Le Roux, Jean Pierre"]
[Result "1-0"]
[WhiteElo "2330"]
[BlackElo "2265"]

1.e4 c5 2.c3 Nf6 3.e5 Nd5 4.d4 cxd4 5.Nf3 Nc6 6.Bc4 Nb6 7.Bb3 g6 8.Ng5 d5
9.exd6 e6 10.Qf3 Ne5 11.Qe4 Bg7 12.O-O O-O 13.cxd4 Nec4 14.Qd3 Nxd6 15.Rd1 Nf5
16.Nf3 Bd7 17.Nc3 Bc6 18.Bf4 Nd5 19.Nxd5 Bxd5 20.Rac1 Bxf3 21.Qxf3 Nxd4 22.Qe4 Qf6
23.Bd6 Nxb3 24.axb3 Rfd8 25.Qxb7 Qxb2 26.Bc7 Re8 27.Rc4 h5 28.h4 Qe2 29.Rd7 Bh6
30.Bg3 Rad8 31.Rxf7 Rd1+ 32.Kh2 Qe1 33.Kh3 Qh1+ 34.Bh2 Rd3+ 35.Rf3 Rxf3+
36.Qxf3 Qb1 37.Qe4 Qxb3+ 38.f3 Bg7 39.Qxg6 Qxc4 40.Qxe8+ Kh7 41.Qxh5+ Kg8
42.Qe8+ Kh7 43.h5  1-0

[Event "EU-ch U18"]
[Site "Tallinn"]
[Date "1997.??.??"]
[Round "3"]
[White "Einvik, Gunnar"]
[Black "Ribshtein, Nati"]
[Result "1-0"]
[WhiteElo "2190"]
[BlackElo "2335"]

1.e4 c5 2.c3 Nf6 3.e5 Nd5 4.d4 cxd4 5.Nf3 e6 6.cxd4 b6 7.Nc3 Nxc3 8.bxc3 Qc7
9.Bd2 Bb7 10.Bd3 d6 11.O-O Nd7 12.Re1 dxe5 13.Nxe5 Nxe5 14.Rxe5 Bd6 15.Rh5 g6
16.Rh3 O-O 17.Bg5 Qc6 18.Bf1 f5 19.Qb3 Rf7 20.Re1 f4 21.Rxe6 Re8 22.Rf6 Qd5
23.Rxf7 Kxf7 24.Rxh7+ Kf8 25.Bh6+ Kg8 26.Rxb7  1-0

[Event "EU-ch U16 Girls"]
[Site "Tallinn"]
[Date "1997.??.??"]
[Round "7"]
[White "Rapcsak, Andrea"]
[Black "Zarkovic, Danijela"]
[Result "1-0"]
[WhiteElo "2065"]
[BlackElo "2095"]

1.e4 c5 2.c3 Nf6 3.e5 Nd5 4.Nf3 e6 5.Bc4 d6 6.O-O dxe5 7.Nxe5 Be7 8.d4 O-O
9.Be3 Qc7 10.Nd2 Bd6 11.Nef3 Nxe3 12.fxe3 e5 13.Ng5 Be6 14.Qh5 h6 15.Nxe6 fxe6
16.Bxe6+ Kh8 17.Rxf8+ Bxf8 18.Rf1 Nc6 19.Ne4 Qe7 20.d5 Nd8 21.d6 Qxe6 22.Rxf8+ Kh7
23.Ng5+  1-0

[Event "EU-ch U18"]
[Site "Tallinn"]
[Date "1997.??.??"]
[Round "8"]
[White "Abbasov, Farid"]
[Black "Smetankin, Stanislav"]
[Result "0-1"]
[WhiteElo "2235"]
[BlackElo "2395"]

1.e4 c5 2.c3 Nf6 3.e5 Nd5 4.d4 cxd4 5.Nf3 Nc6 6.cxd4 d6 7.exd6 Qxd6 8.Nc3 g6
9.Be2 Bg7 10.O-O O-O 11.Be3 Nxe3 12.fxe3 Bh6 13.Qd2 Bg4 14.Rfe1 Rad8 15.Bf1 Qb8
16.Qf2 Bg7 17.h3 Bc8 18.Rad1 b6 19.Ne4 Bf5 20.Qh4 h6 21.Nc3 Bc8 22.a3 Qc7
23.Rc1 Qd7 24.Bb5 a6 25.Ba4 Qb7 26.Bb3 e6 27.Ba2 Ne7 28.Qf2 Bd7 29.h4 h5
30.Ng5 Nf5 31.Rcd1 Nh6 32.d5 Ng4 33.Qc2 exd5 34.Nxd5 Qb8 35.Nf4 Bf5 36.Rxd8 Qxd8
37.Qe2 Nxe3 38.Kh1 Bd4 39.Nf3 Bg4 40.Nxg6 Qf6 41.Nge5 Bxe5 42.Qxe3 Bg3 43.Re2 Rc8
44.Bb3 Bxf3 45.gxf3 Qxh4+ 46.Kg1 Bf4 47.Qd3 Rc1+ 48.Bd1 Kf8 49.a4 Qg3+ 50.Kh1 Qh4+
51.Kg1 Rc6 52.Qa3+ Bd6  0-1

[Event "EST-ch (Women)"]
[Site "Tallinn"]
[Date "1997.??.??"]
[Round "11"]
[White "Golubenko, Anastasia"]
[Black "Tsiganova, Monika"]
[Result "1/2-1/2"]
[WhiteElo "2065"]
[BlackElo "2245"]

1.e4 c5 2.c3 Nf6 3.e5 Nd5 4.d4 cxd4 5.Nf3 e6 6.cxd4 b6 7.Nc3 Nxc3 8.bxc3 Qc7
9.Bd2 Bb7 10.Bd3 d6 11.O-O Nd7 12.exd6 Bxd6 13.Rc1 O-O  1/2-1/2

[Event "Tampere Elo Taraus op"]
[Site "Tampere"]
[Date "1997.??.??"]
[Round "2"]
[White "Kiltti, Jyrki"]
[Black "Sammalvuo, Tapani"]
[Result "1/2-1/2"]
[WhiteElo "2225"]
[BlackElo "2375"]

1.e4 c5 2.c3 Nf6 3.e5 Nd5 4.d4 cxd4 5.Nf3 Nc6 6.Bc4 Nb6 7.Bb3 d5 8.exd6 Qxd6
9.O-O Be6 10.Bxe6 Qxe6 11.Nxd4 Nxd4 12.Qxd4 Rd8 13.Qc5 Qd5 14.Be3 Qxc5 15.Bxc5 e6
16.Bxb6 axb6 17.a4 Be7 18.Na3 Bxa3 19.Rxa3 Kd7 20.Rd1+ Kc6 21.Rxd8 Rxd8 22.g3 g5
23.h3 Ra8 24.Ra1 Rd8 25.Re1 Rd2 26.Re5 h6 27.Rb5 Rd5 28.Rb4 h5 29.Kg2 f5
30.g4 hxg4 31.hxg4 b5 32.gxf5 exf5 33.axb5+ Rxb5 34.Rc4+ Kd5 35.Rd4+ Ke5
36.b4 Rd5 37.Rc4 g4 38.Rc7 b5 39.c4 bxc4 40.Rxc4 Rd3 41.Rc5+ Kf4 42.b5 Rb3
43.Rc4+ Ke5 44.Rc2 Rxb5 45.f3 gxf3+ 46.Kxf3 Rb3+ 47.Kf2 Rh3 48.Rc4 Rd3 49.Ra4 Rd4
50.Rxd4 Kxd4 51.Kf3 Ke5 52.Ke3 f4+ 53.Kf3 Kf5 54.Kf2 Ke4 55.Ke2 f3+ 56.Kf2 Kf4
57.Kf1 Kg3 58.Kg1 f2+ 59.Kf1 Kf3  1/2-1/2

[Event "Nordic Grand Prix"]
[Site "Torshavn"]
[Date "1997.??.??"]
[Round "2"]
[White "Westerinen, Heikki MJ"]
[Black "Djurhuus, Rune"]
[Result "1/2-1/2"]
[WhiteElo "2425"]
[BlackElo "2530"]

1.e4 c5 2.c3 Nf6 3.e5 Nd5 4.d4 cxd4 5.Nf3 e6 6.cxd4 b6 7.Nc3 Nxc3 8.bxc3 Qc7
9.Bd2 Bb7 10.Bd3 d6 11.O-O Nd7 12.Ng5 dxe5 13.Qh5 g6 14.Qh3 Be7 15.Rae1 Rf8
16.Qxh7 O-O-O 17.Nxf7 Nf6 18.Qh3 Rxf7 19.Qxe6+ Qd7 20.Qxf7 Bxg2 21.Kxg2 Qg4+
22.Kh1 Qf3+ 23.Kg1 Qg4+  1/2-1/2

[Event "Nordic Grand Prix"]
[Site "Torshavn"]
[Date "1997.??.??"]
[Round "2"]
[White "Pedersen, Steffen"]
[Black "Schandorff, Lars"]
[Result "0-1"]
[WhiteElo "2420"]
[BlackElo "2510"]

1.e4 c5 2.c3 Nf6 3.e5 Nd5 4.d4 cxd4 5.Nf3 e6 6.cxd4 b6 7.Nc3 Nxc3 8.bxc3 Qc7
9.Be2 Qxc3+ 10.Bd2 Qa3 11.Rc1 Nc6 12.Rc3 Qe7 13.O-O h6 14.Qc1 Qd8 15.d5 exd5
16.e6 fxe6 17.Nd4 Kf7 18.Bh5+ Kg8 19.Nxc6 dxc6 20.Rf3 Rh7 21.Bg6 e5 22.Qxc6 Bg4
23.Bxh7+ Kxh7 24.Rf7 Kg8 25.Qg6 Qh4 26.Rc7 Qh5 27.Qc6 Rd8 28.Rxa7 Rd6 29.Qc3 Rg6
30.Kh1 Bc5 31.Ra8+ Kh7 32.a4 Bd4 33.Qb3 e4 34.Bf4 Be2 35.Rc1 Bc4 36.Qd1 Qxd1+
37.Rxd1 Bxf2 38.Rd2 e3 39.Bxe3 Bxe3  0-1